000 00647cam a2200205 i 4500
999 _c7779
_d7779
003 OSt
005 20200521110708.0
008 180803s2018 vra 001 0 eng
020 _a9781864706840
082 _a720.370AKM
100 1 _aAkmal, Imelda,
_eauthor.
245 1 0 _aTropical houses :
_bequatorial living redefined /
_cImelda Akmal.
300 _a252 pages ;
_c29 cm
500 _aIncludes index.
650 0 _aArchitecture, Tropical
_vDesigns and plans.
650 0 _aArchitecture, Tropical
_vPictorial works.
650 0 _aArchitecture, Domestic
_vDesigns and plans.
650 0 _aArchitecture, Domestic
_vPictorial works.
942 _2ddc